000 00538nam a22001937a 4500
005 20250326121445.0
008 250326b |||||||| |||| 00| 0 eng d
020 _a9788177084504
_c1965.00
040 _aMAIN
041 _aEnglish
082 _a338.0954
_bSAT
100 _aSatyanarayan G.
_925447
245 _aInfrastructure development and the role of public private partnership
260 _aNew Delhi
_bNew Century
_c2017
300 _a373
650 _aUrban Study
_925322
700 _aMadhusudana H. S.
_925448
942 _cBK
999 _c59534
_d59534